Sexualidad adolescente: un estudio sobre sus conocimientos, actitudes y prácticas. Zona rural Guatuso /
Guardat en:
| Autor principal: | |
|---|---|
| Autor corporatiu: | |
| Altres autors: | , , |
| Format: | Text |
| Publicat: |
San José:
CCSS
|
| Matèries: | |
| Etiquetes: |
Afegir etiqueta
Sense etiquetes, Sigues el primer a etiquetar aquest registre!
|
MARC
| LEADER | 00000 a a2200000 04500 | ||
|---|---|---|---|
| 001 | 11992 | ||
| 003 | |||
| 040 | |||
| 090 | |a 141300 | ||
| 100 | |a Rodríguez Rojas, Julieta | ||
| 110 | |a Caja Costarricense de Seguro Social. Programa de Atención Integral a la Adolescencia | ||
| 245 | |a Sexualidad adolescente: un estudio sobre sus conocimientos, actitudes y prácticas. Zona rural Guatuso / |c Julieta Rodríguez Rojas | ||
| 260 | |a San José: |b CCSS | ||
| 300 | |a 91 p. | ||
| 300 | |b **no definido** |b **no definido** | ||
| 650 | |a ADOLESCENTES | ||
| 650 | |a SEXUALIDAD | ||
| 650 | |a SALUD REPRODUCTIVA | ||
| 650 | |a SERVICIOS DE SALUD | ||
| 650 | |a REDES | ||
| 650 | |a POBLACION | ||
| 650 | |a INFORMES SOBRE PROYECTOS | ||
| 650 | |a SALUD | ||
| 650 | |a ADOLESCENTES | ||
| 650 | |a SERVICIOS DE SALUD | ||
| 650 | |a EDIFICIOS EDUCACIONALES | ||
| 650 | |a GRUPOS SOCIALES | ||
| 650 | |a OPINION | ||
| 700 | |a Garita Arce, Carlos | ||
| 700 | |a Sequeira Solano, Mynor | ||
| 700 | |a Díaz Alvarado, Marco | ||
| 999 | |c 17429 |d 17429 | ||
